000 00736cam a2200193ua 4500
020 _c5.00
041 _ahin
_h
082 _a891.54
_bDVA/PU
100 _aDwaraka Prasad, Shastri .
110 1 _a .
_b
_c()
245 _aPustak suchikaran kala /
_cDwaraka Prasad Shastri.
_hTextual Documents
250 _a1 /
_b.
260 _aIlahabad :
_bDwaraka Prasad Shastri ,
_c1959.
300 _a151 ; .
365 _a5.00
504 _a
942 _cBK
999 _c8230
_d8230